| 000 | 00406nam a22001577a 4500 | ||
|---|---|---|---|
| 003 | OSt | ||
| 008 | 250902b |||||||| |||| 00| 0 eng d | ||
| 041 | _aeng | ||
| 082 |
_a894.8121 _bSEE/HR |
||
| 100 |
_aSeema, T. N _97799 |
||
| 245 |
_aHridayagaveshanam / _bഹൃദയഗവേഷണം |
||
| 260 |
_aThiruvananthapuram : _bMythri Books, _c2012. |
||
| 300 | _a50 p. | ||
| 650 |
_aPoem _97790 |
||
| 942 | _cBK | ||
| 999 |
_c19490 _d19490 |
||